MDQL
is popping MORE tags! Check the
thread
!
Quizzes
Events
Quiz Creation
Community
Videos
Private Events
Remove Ads
Sign In
Join for FREE
Feedback
Dark Mode
Quiz Categories
Sports
Geography
Music
Movies
Television
Just For Fun
Miscellaneous
History
Literature
Language
Science
Gaming
Entertainment
Religion
Holiday
For Kids
Quiz Lab
Recent
Popular Today
Quiz Kudos Today
Editor Picks
Curator Picks
Quizzes by...
Day
Popularity
Type
Ratings
Length
Year
Community
Subscriptions
Recent Discussions
Orange Saloon
Badges
Playlists
Quests
Create
Leaderboards
Showdown
Live 5
Trivia Bingo
Activity
Puzzle Library
Sporcle Events
Private Events
Virtual Trivia
Globe League
Become a Host
Pub Owners
SporcleCon
Opinionation
Our Games
Videos
Blog
Mobile Apps
Partnerships
Remove Ads and Go Orange
Feedback
Sports
Athletes
MLB
NBA
NHL
NFL
Soccer
Sports Teams
WWE
NCAA
Football
Premier League
Basketball
Baseball
Hockey
Golf
Tennis
Cricket
Rugby
Auto Racing
Olympics
World Cup
Sports
Athletes
MLB
NBA
NHL
NFL
Soccer
Sports Teams
WWE
NCAA
Football
Premier League
Basketball
Baseball
Hockey
Golf
Tennis
Cricket
Rugby
Auto Racing
Olympics
World Cup
Random Quiz
Search Sporcle
×
Quiz Lab
Quiz Lab
Sports
Football
Type in answers that appear in a list
Type in answers that appear in a list
Classic
Best Score? Go Orange.
Croatian Tournament Squads Stats
Can you name the squads of the Croatian national football team?
By
Ivan82
15m
280 Questions
722 Plays
722 Plays
722 Plays
Comments
Comments
Give Quiz Kudos
Give Quiz Kudos
-
- Ratings
hide this ad
Replay
Link that replays current quiz
Next Quiz
Link to next quiz in quiz playlist
You Got
0%
They Got
Avg Score
56%
Avg Friend Score
Upgrade to see
Score Distribution
Jump to the score distribution portion of the page
Score
0/280
Timer
15:00
0
Plays Today
% Correct
Luka Modrić
100%
Luka Modrić
99.4%
Ivan Perišić
99.1%
Luka Modrić
99%
Luka Modrić
98.8%
Ivan Perišić
98.3%
Dejan Lovren
98.2%
Luka Modrić
97.7%
Dejan Lovren
97.7%
Luka Modrić
97.6%
Luka Modrić
97.6%
Luka Modrić
97.6%
Dominik Livaković
97.2%
Ivan Rakitić
96.9%
Ivan Rakitić
96.9%
Ivan Perišić
96.7%
Mario Mandžukić
96.5%
Mario Mandžukić
96.4%
Mateo Kovačić
96.3%
Marcelo Brozović
96.3%
Ivan Perišić
96.1%
Domagoj Vida
95.4%
Mateo Kovačić
95.4%
Ivan Rakitić
95.3%
Mateo Kovačić
95%
Darijo Srna
94.9%
Dejan Lovren
94.7%
Niko Kovač
94.6%
Robert Kovač
94.6%
Niko Kovač
94.6%
Robert Kovač
94.6%
Robert Kovač
94.6%
Niko Kovač
94.6%
Robert Kovač
94.6%
Niko Kovač
94.6%
Darijo Srna
94.4%
Mario Mandžukić
94.4%
Domagoj Vida
94.2%
Andrej Kramarić
93.6%
Marcelo Brozović
93.6%
Andrej Kramarić
93.6%
Stipe Pletikosa
93.6%
Vedran Ćorluka
93.6%
Darijo Srna
93.5%
Darijo Srna
93.5%
Darijo Srna
93.5%
Darijo Srna
93.5%
Mateo Kovačić
93.3%
Ivan Perišić
93.2%
Danijel Subašić
93.1%
Šime Vrsaljko
93.1%
Ante Rebić
93.1%
Davor Šuker
92.8%
Davor Šuker
92.8%
Davor Šuker
92.8%
Stipe Pletikosa
92.7%
Stipe Pletikosa
92.7%
Stipe Pletikosa
92.7%
Stipe Pletikosa
92.7%
Vedran Ćorluka
92.4%
Ivan Rakitić
92.2%
Ivan Rakitić
92.2%
Mario Mandžukić
92.2%
Lovre Kalinić
91.9%
Marcelo Brozović
91.9%
Danijel Subašić
91.8%
Domagoj Vida
91.6%
Lovre Kalinić
91.4%
Dominik Livaković
91.3%
Nikola Kalinić
91.2%
Ivica Olić
91.1%
Šime Vrsaljko
90.9%
Ivica Olić
90.4%
Ivica Olić
90.4%
Ivica Olić
90.4%
Ivica Olić
90.4%
Ivan Perišić
89.8%
Andrej Kramarić
89.7%
Vedran Ćorluka
89.7%
Marcelo Brozović
89.2%
Mateo Kovačić
89%
Lovre Kalinić
88.8%
Ante Rebić
88.8%
Nikola Kalinić
88.6%
Domagoj Vida
88.2%
Vedran Ćorluka
88.1%
Vedran Ćorluka
88.1%
Borna Barišić
87.2%
Zvonimir Boban
87.1%
Zvonimir Boban
87.1%
Dejan Lovren
87%
Šime Vrsaljko
86.7%
Nikola Vlašić
86.2%
Mislav Oršić
86.2%
% Correct
Robert Prosinečki
86.1%
Robert Prosinečki
86.1%
Robert Prosinečki
86.1%
Duje Ćaleta-Car
86.1%
Ivan Strinić
85.4%
Josip Juranović
85.3%
Danijel Subašić
85%
Lovro Majer
84.4%
Mario Pašalić
84.4%
Joško Gvardiol
84.4%
Andrej Kramarić
84.3%
Dario Šimić
84.1%
Dario Šimić
84.1%
Dario Šimić
84.1%
Dario Šimić
84.1%
Dario Šimić
84.1%
Dario Šimić
84.1%
Marko Livaja
83.5%
Bruno Petković
83.5%
Ivan Strinić
82.7%
Borna Sosa
82.6%
Igor Tudor
82.5%
Igor Tudor
82.5%
Igor Tudor
82.5%
Niko Kranjčar
82.4%
Niko Kranjčar
82.4%
Niko Kranjčar
82.4%
Slaven Bilić
82.1%
Slaven Bilić
82.1%
Dado Pršo
81.4%
Dado Pršo
81.4%
Borna Barišić
80.9%
Tin Jedvaj
80.9%
Robert Jarni
80.9%
Robert Jarni
80.9%
Robert Jarni
80.9%
Dominik Livaković
80.7%
Milan Badelj
80.7%
Milan Badelj
80.3%
Nikola Vlašić
79.8%
Josip Šimunić
79.6%
Josip Šimunić
79.6%
Josip Šimunić
79.6%
Josip Šimunić
79.6%
Josip Šimunić
79.6%
Duje Ćaleta-Car
79.5%
Alen Bokšić
79.1%
Alen Bokšić
79.1%
Šime Vrsaljko
78.9%
Eduardo
78.9%
Danijel Pranjić
78.6%
Marcelo Brozović
78.6%
Eduardo
78.4%
Domagoj Vida
78.1%
Marko Pjaca
78%
Ante Budimir
78%
Milan Badelj
77.8%
Danijel Pranjić
77.7%
Danijel Pranjić
77.7%
Danijel Subašić
77.7%
Nikola Kalinić
77.3%
Nikola Kalinić
77.3%
Josip Stanišić
77.1%
Mario Pašalić
76.9%
Tin Jedvaj
76.9%
Josip Juranović
75.1%
Dražen Ladić
74.9%
Dražen Ladić
74.9%
Marko Pjaca
74.7%
Goran Vlaović
74.5%
Goran Vlaović
74.5%
Goran Vlaović
74.5%
Mario Stanić
74.4%
Mario Stanić
74.4%
Mario Stanić
74.4%
Ivo Grbić
74.3%
Bruno Petković
74%
Igor Štimac
73.5%
Igor Štimac
73.5%
Nikica Jelavić
73%
Domagoj Vida
72.7%
Ivan Strinić
72.3%
Mislav Oršić
72.3%
Joško Gvardiol
72.3%
Ante Rebić
71.7%
Nikica Jelavić
71.5%
Šime Vrsaljko
71.5%
Milan Badelj
71.3%
Aljoša Asanović
71.3%
Aljoša Asanović
71.3%
Mladen Petrić
71.2%
Josip Brekalo
70.5%
Ivan Klasnić
69.9%
Ivan Klasnić
69.9%
% Correct
Ivan Klasnić
69.9%
Martin Erlić
68.8%
Ante Budimir
68.2%
Domagoj Bradarić
67.6%
Josip Pivarić
67.5%
Josip Šutalo
67%
Zvonimir Soldo
65.9%
Zvonimir Soldo
65.9%
Zvonimir Soldo
65.9%
Boško Balaban
65.2%
Boško Balaban
65.2%
Milan Badelj
65.2%
Ivica Ivušić
64.2%
Luka Sučić
64.2%
Kristijan Jakić
64.2%
Ognjen Vukojević
62.6%
Tomislav Butina
62.3%
Tomislav Butina
62.3%
Tomislav Butina
62.3%
Ognjen Vukojević
62.2%
Ognjen Vukojević
62.2%
Milan Rapaić
61.8%
Milan Rapaić
61.8%
Filip Bradarić
61.3%
Jerko Leko
61.1%
Jerko Leko
61.1%
Jerko Leko
61.1%
Ivan Leko
60.8%
Marko Babić
60.7%
Marko Babić
60.7%
Gordon Schildenfeld
59%
Duje Čop
58.8%
Marko Rog
57.8%
Luka Ivanušec
57.8%
Gordon Schildenfeld
57.6%
Vedran Runje
57.6%
Gordon Schildenfeld
57.5%
Boris Živković
57.1%
Boris Živković
57.1%
Mile Škorić
54.3%
Sammir
54.3%
Stjepan Tomas
54%
Stjepan Tomas
54%
Stjepan Tomas
54%
Nikola Jerkan
52.8%
Simon Sluga
52.6%
Anthony Šerić
50%
Anthony Šerić
50%
Jurica Vranješ
50%
Jurica Vranješ
50%
Anthony Šerić
50%
Silvio Marić
48.9%
Ivica Mornar
48.5%
Marjan Mrmić
47.8%
Marjan Mrmić
47.8%
Goran Jurić
47.5%
Davor Vugrinec
45.3%
Ivan Vargić
44.5%
Zoran Mamić
44.2%
Tomislav Šokota
44.2%
Ante Ćorić
44.1%
Daniel Šarić
43.9%
Krunoslav Jurčić
43.8%
Đovani Roso
43.2%
Nikola Jurčević
42.1%
Vladimir Vasilj
41.4%
Vladimir Vasilj
41.4%
Vladimir Vasilj
41.4%
Igor Cvitanović
40.2%
Nenad Bjelica
40.2%
Petar Krpan
39.6%
Oliver Zelenika
39.3%
Joey Didulica
37.8%
Joey Didulica
37.8%
Dubravko Pavličić
37.1%
Igor Budan
36.6%
Mario Tokić
36.1%
Mario Tokić
36.1%
Nikola Pokrivač
36.1%
Tonči Gabrić
35.6%
Dario Knežević
35.6%
Hrvoje Vejić
35.3%
Ardian Kozniku
34.9%
Tomislav Dujmović
32.4%
Mladen Mladenović
32.3%
Mario Galinović
30.7%
Igor Pamić
29.6%
Ivan Bošnjak
29.4%
Jurica Buljat
28.9%
Ivan Kelava
28.9%
Mato Neretljak
24.4%
Elvis Brajković
23.3%
Quiz Playlist
Details
Report
Send in Message
Add To Playlist
Classic:
Type in answers that appear in a list
Last Updated: Feb 16, 2017
Quiz Scoreboard
CHALLENGE
Sign Up to Join the Scoreboard
Show All
Scores
Hide
Comments
May contain spoilers
Recently Published
Holiday 10x10 Sorting Gallery
by lukepisani3
Holiday
15m
Two Season TV Shows II
by 123Four
Television
10m
Image Sorting: Flags VI
by Barbecue
Geography
2m
More to Explore
Quiz From the Vault
Featured Blog Post
14 Easter Pick-up Lines to Find Eggs With
hide this ad
You Might Also Like...
Tags
Football Quiz
Croatian
national
Squad
team
Tournament
Today's Top Quizzes in Sports
Browse Sports
hide this ad
Today's Top Quizzes in Football
Browse Football
Top Contributed Quizzes in Sports
1
Les meilleurs buteurs des matchs entre le PSG et l’OM
2
Les entraîneurs de l'OM et du PSG au 21e siècle
3
2022 World Cup Stars
4
Players with Multiple 50 Home Run Seasons
5
Les joueurs passés par le PSG et l'OM
6
FIFA Club World Cup Champions
7
Top 10 NHL Goal Scorers of All Time
8
Criteria MLB: Left Handed Sluggers
9
Les joueurs passés par le LOSC et le RC Lens
10
2023 MLB Unique Player Accomplishments
Explore More
Trending Topics
Harry Potter
Anime
Crossword
Kpop
NBA
Marvel
Disney
Country
Song
Puzzle
WWE
NFL
The Office
Soccer
Pokémon
hide this ad
More By:
Ivan82
Quiz
Plays
Rating
Category
Featured
Created
Countries With 'B'
205,885
4.65
Geography
Jan 3, 2010
Countries With 'C'
152,613
4.58
Geography
Jan 9, 2010
Smallest FIFA World Cup Countries
123,753
4.50
Sports
Apr 3, 2010
Best Olympic Swimming Nations
96,843
4.01
Sports
Nov 10, 2009
Best Olympic Track and Field Nations
75,664
4.27
Sports
Nov 9, 2009
Go to Creator's Profile
Score Distribution
Quiz Creator Spotlight
Ivan82
Follow
Send a Message
Quizzes Created
-
Created Quiz Play Count
-
More By This Creator
Popular Quizzes Today
1
Find the US States - No Outlines Minefield
2
Colored Red Africa Blitz
3
Find the 'City' Movie
4
The Countries of the World
5
Find the US States
6
5x2 Blitz: Bands
7
Find the Countries of Europe - No Outlines Minefield
8
US States
More Sports Quizzes
Football Champions! 🏈
Quiz Lab
Trending Quizzes
Colored Red Europe Blitz I
Colored Red Europe Blitz II
Colored Red Africa Blitz II
Colored Red Europe Blitz III
Colored Red Africa Blitz III
Recently Updated
Odd Team Out - Big 4 Players
pecheneg
Quick Pick: 20 Twenties
pecheneg
March Madness Men's Triple Doubles
pecheneg
How Do You Spell That?
pecheneg
Godzilla Movies
pecheneg
Grab Bag: 4-10 Letters
pecheneg
2024 March Madness Bracket
pecheneg
Famous TV Couples
Peacemaker
Champions League XIs: Real Madrid
pecheneg
Largest US Cities 1790-2010
pecheneg
Trending Topics
NBA
Anime
Marvel
Kpop
Harry Potter
Disney
Crossword
The Office
NFL
Pokémon
Puzzle
Song
Soccer
WWE
Country
Your Account Isn't Verified!
In order to create a playlist on Sporcle, you need to verify the email address you used during registration. Go to your
Sporcle Settings
to finish the process.
Report this User
Report this user for behavior that violates our
Community Guidelines
.
Details:
Send Report
Go to the Sporcle.com Mobile Site →
Comments